[Event "European Blitz 2017"]
[Site "Katowice POL"]
[Date "2017.12.15"]
[Round "6.83"]
[White "Heinzel, Olaf"]
[Black "Snihur, Piotr"]
[Result "1-0"]
[WhiteTitle "IM"]
[WhiteElo "2360"]
[BlackElo "2233"]
[WhiteFideId "4626664"]
[BlackFideId "1157191"]
[EventDate "2017.12.15"]
[EventType "blitz"]

1. d4 Nf6 2. Bf4 d5 3. e3 e6 4. Nd2 c5 5. c3 Nc6 6. Ngf3 a6 7. Bd3 Bd6 8. Bg3
Bxg3 9. hxg3 Qe7 10. Ne5 Nxe5 11. dxe5 Nd7 12. f4 b5 13. Qg4 g6 14. Rh6 f5 15.
exf6 Nxf6 16. Bxg6+ Kd7 17. Qh4 Bb7 18. O-O-O b4 19. c4 Qg7 20. Bc2 Ng4 21. Rh5
Nxe3 22. cxd5 Bxd5 23. Re1 Nxg2 24. Rxd5+ Kc7 25. Rxc5+ Kb8 26. Qh1 Nxe1 27.
Qxe1 Ka7 28. Qe3 Kb7 29. Be4+ Kb8 30. Bxa8 Kxa8 31. Nc4 Rd8 32. Nb6+ Kb7 33. Nc4
Qd7 34. Qf3+ Ka7 35. Qe2 Qd4 36. Rc7+ Kb8 37. Rc6 Qg1+ 38. Kc2 Qd4 39. Qe5+ Qxe5
40. Nxe5 Rg8 41. g4 Rf8 42. Nd3 Rg8 43. g5 a5 44. Rxe6 Rc8+ 45. Kd2 Rc4 46. Re7 1-0

[Event "European Blitz 2017"]
[Site "Katowice POL"]
[Date "2017.12.15"]
[Round "6.85"]
[White "Putka, Verners"]
[Black "Nestorenko, Dmitry"]
[Result "0-1"]
[WhiteElo "2307"]
[BlackElo "2253"]
[WhiteFideId "11600659"]
[BlackFideId "14129728"]
[EventDate "2017.12.15"]
[EventType "blitz"]

1. d4 f5 2. g3 Nf6 3. c3 e6 4. Nh3 c5 5. Bg2 d5 6. Nf4 Nc6 7. h4 cxd4 8. cxd4
Bd6 9. Nc3 a6 10. O-O O-O 11. e3 Ne4 12. Bd2 Qe7 13. Be1 b5 14. Rc1 Bb7 15. a3
Rac8 16. b4 Rc7 17. Ncxd5 exd5 18. Nxd5 Qf7 19. Nxc7 Bxc7 20. Qe2 Bd6 21. Qc2
Ne7 22. Qb2 Bd5 23. Bd2 h6 24. Rfd1 g5 25. hxg5 hxg5 26. Be1 Bb3 27. Rd3 Bc4 28.
Rdd1 Qh5 29. d5 Ng6 30. Qc2 Ne5 31. Rd4 Nf3+ 32. Bxf3 Qxf3 33. Qd1 Be2 34. Qb3
Qh5 0-1

[Event "European Blitz 2017"]
[Site "Katowice POL"]
[Date "2017.12.15"]
[Round "6.86"]
[White "Janaszak, Dawid"]
[Black "Czernek, Tymon"]
[Result "1-0"]
[WhiteTitle "FM"]
[WhiteElo "2372"]
[BlackElo "2050"]
[WhiteFideId "1119206"]
[BlackFideId "1199510"]
[EventDate "2017.12.15"]
[EventType "blitz"]

1. d4 d5 2. Nc3 Nf6 3. Bf4 Bf5 4. f3 Nc6 5. g4 Bg6 6. h4 h6 7. e3 e6 8. h5 Bh7
9. Bd3 Bd6 10. Nge2 e5 11. dxe5 Nxe5 12. Bxh7 Rxh7 13. Nd4 c5 14. Nf5 Bc7 15.
Qe2 Qd7 16. O-O-O O-O-O 17. Kb1 Rhh8 18. Nxd5 Nxd5 19. Rxd5 Qxd5 20. Ne7+ Kb8
21. Nxd5 Rxd5 22. Rd1 Rhd8 23. Rxd5 Rxd5 24. b3 c4 25. bxc4 Rc5 26. Qd2 Rxc4 27.
Qd5 Rb4+ 28. Kc1 Nc6 29. Bxc7+ Kxc7 30. Qxf7+ Kb6 31. Qxg7 Ra4 32. Qxh6 Rxa2 33.
Qf6 Ra3 34. Qb2+ 1-0

[Event "European Blitz 2017"]
[Site "Katowice POL"]
[Date "2017.12.15"]
[Round "6.87"]
[White "Brozyna, Mateusz"]
[Black "Wiewiora, Eneasz"]
[Result "0-1"]
[BlackTitle "FM"]
[WhiteElo "2108"]
[BlackElo "2320"]
[WhiteFideId "21816140"]
[BlackFideId "1140396"]
[EventDate "2017.12.15"]
[EventType "blitz"]

1. e4 d6 2. Nf3 Nf6 3. Nc3 e5 4. Bc4 Be7 5. O-O O-O 6. h3 c6 7. d3 b5 8. Bb3
Nbd7 9. Ne2 Nc5 10. Ng3 Nxb3 11. axb3 g6 12. Bd2 Re8 13. Ba5 Qd7 14. Re1 Bf8 15.
Qd2 c5 16. b4 Bb7 17. bxc5 dxc5 18. Bc3 Qc7 19. Qg5 Nd7 20. b3 b4 21. Bb2 Bg7
22. Nf1 f6 23. Qg3 Nf8 24. Ne3 Ne6 25. h4 Nf4 26. Nc4 Nh5 27. Qh2 Bc8 28. Ne3
Nf4 29. g3 Ne6 30. Nd5 Qb7 31. h5 Nd4 32. Bxd4 cxd4 33. Nh4 Qf7 34. Nxb4 Bf8 35.
Nd5 Be6 36. Ra6 Bxd5 37. exd5 Bb4 38. Re2 Kg7 39. Qg2 Rad8 40. d6 Rd7 41. Qf3 f5
42. Qc6 Re6 43. Qc8 Bxd6 44. Nf3 h6 45. hxg6 Kxg6 46. Qh8 Qg7 47. Qxg7+ Kxg7 48.
Nxd4 Rf6 49. Nb5 Bc5 50. Rxf6 Kxf6 51. Kg2 h5 52. Nc3 Bd4 53. Nb5 Bc5 54. Nc3
Bd4 55. Nd1 Rc7 56. Ne3 Rd7 57. Nc4 Rg7 58. Kh3 h4 59. gxh4 Rg1 60. Kh2 Rg4 61.
Kh3 Rg1 62. Kh2 Rg4 63. Kh3 Rg1 64. Nd2 Rh1+ 65. Kg2 Rxh4 66. Nf3 Rg4+ 67. Kh3
Bc3 68. Nh4 Kg5 69. Nf3+ Kf4 70. Nh4 Rg8 71. Ng2+ Kf3 72. Re3+ Kxf2 73. d4 Bxd4
74. Rd3 Rh8+ 75. Nh4 Ke2 76. Rf3 Bf2 77. Rxf2+ Kxf2 78. c4 e4 79. c5 e3 80. c6
e2 81. c7 e1=Q 0-1

[Event "European Blitz 2017"]
[Site "Katowice POL"]
[Date "2017.12.15"]
[Round "6.88"]
[White "Bilczewski, Kacper"]
[Black "Brunello, Sabino"]
[Result "0-1"]
[BlackTitle "GM"]
[WhiteElo "2184"]
[BlackElo "2553"]
[WhiteFideId "1152106"]
[BlackFideId "813613"]
[EventDate "2017.12.15"]
[EventType "blitz"]

1. e4 e5 2. Nf3 Nc6 3. d3 g6 4. g3 Bg7 5. Bg2 d6 6. O-O Nge7 7. c3 O-O 8. d4
exd4 9. cxd4 Bg4 10. Be3 d5 11. e5 Nf5 12. Nc3 Nxe3 13. fxe3 Ne7 14. Qb3 Rb8 15.
h3 Be6 16. g4 h6 17. Rac1 c6 18. Kh1 g5 19. Qc2 Qd7 20. Ne2 f5 21. Nh2 fxg4 22.
hxg4 Bxg4 23. e4 dxe4 24. Bxe4 Bf5 25. Rxf5 Nxf5 26. Rf1 Nxd4 27. Rxf8+ Rxf8 28.
Qc4+ Ne6 29. Nd4 Qxd4 30. Qxe6+ Rf7 31. Bg6 Qd5+ 0-1

[Event "European Blitz 2017"]
[Site "Katowice POL"]
[Date "2017.12.15"]
[Round "6.89"]
[White "Macko, Miroslav"]
[Black "Andriasian, Zaven"]
[Result "0-1"]
[WhiteTitle "FM"]
[BlackTitle "GM"]
[WhiteElo "2262"]
[BlackElo "2585"]
[WhiteFideId "14932695"]
[BlackFideId "13302000"]
[EventDate "2017.12.15"]
[EventType "blitz"]

1. e4 c5 2. Nf3 d6 3. c3 Nf6 4. Bd3 Nc6 5. h3 d5 6. exd5 Nxd5 7. Be4 Nf6 8.
Bxc6+ bxc6 9. O-O g6 10. d4 cxd4 11. Nxd4 Bd7 12. Qf3 Rc8 13. Bg5 Bg7 14. Re1
O-O 15. Na3 Re8 16. Rad1 Qc7 17. Nc4 Nd5 18. Ne3 e5 19. Nb3 e4 20. Qe2 Be6 21.
Nc5 Nf4 22. Bxf4 Qxf4 23. Nxe6 Rxe6 24. Rd7 a5 25. Qa6 Rb8 26. b3 Bxc3 27. Rc1
Be5 28. Rxc6 Qh2+ 29. Kf1 Qh1+ 30. Ke2 Rxc6 31. Qxc6 Qa1 32. Qc2 a4 33. Rd1 axb3
34. axb3 Qa6+ 35. Nc4 Bg7 36. Kf1 Qb7 37. Rb1 Rd8 38. Re1 Rd4 39. Kg1 Qd5 40.
Ne3 Qd7 41. Rc1 h5 42. Qc7 Qb5 43. Qc8+ Kh7 44. Qc2 Rb4 45. Rb1 Rd4 46. Rd1 Rd3
47. Rxd3 exd3 48. Qc4 Qd7 49. Kf1 f5 50. Ke1 f4 51. Nd5 Qe6+ 52. Kf1 Qe2+ 53.
Kg1 Qc2 54. Qxf4 d2 55. Ne3 Qc1+ 0-1

[Event "European Blitz 2017"]
[Site "Katowice POL"]
[Date "2017.12.15"]
[Round "6.90"]
[White "Mastrovasilis, Dimitrios"]
[Black "Koscielski, Janusz"]
[Result "1-0"]
[WhiteTitle "GM"]
[BlackTitle "FM"]
[WhiteElo "2582"]
[BlackElo "2339"]
[WhiteFideId "4202694"]
[BlackFideId "4614437"]
[EventDate "2017.12.15"]
[EventType "blitz"]

1. e4 c5 2. Nf3 d6 3. d4 cxd4 4. Nxd4 Nf6 5. f3 e5 6. Nb3 d5 7. Bg5 Be6 8. Bxf6
gxf6 9. exd5 Qxd5 10. Qxd5 Bxd5 11. Nc3 Bc6 12. O-O-O Nd7 13. Na5 Bb4 14. Nxc6
bxc6 15. Ne4 Ke7 16. Ng3 Rhd8 17. Bd3 Nf8 18. Be4 Rac8 19. Nf5+ Ke8 20. Rxd8+
Kxd8 21. Rd1+ Kc7 22. c3 Bc5 23. b4 Bb6 24. Ne7 Re8 25. Nf5 Ne6 26. Kc2 Nf4 27.
g3 Ne6 28. Rd6 Ng5 29. Rxc6+ Kd7 30. Rxf6 1-0

[Event "European Blitz 2017"]
[Site "Katowice POL"]
[Date "2017.12.15"]
[Round "6.91"]
[White "Sotsky, Alexander"]
[Black "Fressinet, Laurent"]
[Result "0-1"]
[WhiteTitle "IM"]
[BlackTitle "GM"]
[WhiteElo "2333"]
[BlackElo "2662"]
[WhiteFideId "4130715"]
[BlackFideId "608742"]
[EventDate "2017.12.15"]
[EventType "blitz"]

1. d4 Nf6 2. Bg5 d5 3. e3 c5 4. c3 Nc6 5. f4 Ne4 6. Nf3 Qb6 7. Qb3 c4 8. Qxb6
axb6 9. Nbd2 Nxd2 10. Nxd2 b5 11. Be2 f6 12. Bh4 b4 13. Bf3 e6 14. e4 bxc3 15.
bxc3 Ne7 16. O-O Bd7 17. f5 dxe4 18. fxe6 exf3 19. exd7+ Kxd7 20. Rxf3 b5 21.
Ne4 Nd5 22. Bg3 Ba3 23. Rb1 Kc6 24. h4 Rhe8 25. Nf2 Re2 26. h5 Rxa2 27. h6 gxh6
28. Ne4 Be7 29. Rf5 Ra1 30. Rxa1 Rxa1+ 31. Kh2 Rc1 32. Bf4 Re1 33. Ng3 Nxc3 34.
Bd2 Rd1 35. Bxc3 b4 36. Bxb4 Bxb4 37. Rxf6+ Bd6 38. Kh3 Rd3 0-1

[Event "European Blitz 2017"]
[Site "Katowice POL"]
[Date "2017.12.15"]
[Round "6.93"]
[White "Peterson, Emery"]
[Black "Tomczak, Jacek"]
[Result "0-1"]
[BlackTitle "GM"]
[WhiteElo "2168"]
[BlackElo "2588"]
[WhiteFideId "4610920"]
[BlackFideId "1124668"]
[EventDate "2017.12.15"]
[EventType "blitz"]

1. d4 Nf6 2. Nc3 d5 3. e4 dxe4 4. f3 exf3 5. Nxf3 g6 6. Bc4 Bg7 7. Bg5 O-O 8.
Qd2 Nbd7 9. h4 Nb6 10. Bb3 a5 11. a4 Nh5 12. O-O-O Bf5 13. Rde1 Re8 14. Rhg1 Bg4
15. Nh2 Qd7 16. Rgf1 Be6 17. d5 Bf5 18. Rxf5 gxf5 19. Bh6 Qd6 20. Bxg7 Kxg7 21.
g4 fxg4 22. Re4 f5 23. Nb5 Qh6 24. Re3 Rac8 25. Nd4 Kh8 26. Ne6 Nf6 27. Nf1 c6
28. Qxa5 Nbxd5 29. Bxd5 Nxd5 30. Ng5 Qg7 31. Re6 Ra8 32. Qd2 Rxa4 33. Kb1 Rea8
34. c3 h6 35. Rxh6+ Kg8 36. Re6 Nxc3+ 37. bxc3 Ra1+ 38. Kc2 R1a2+ 39. Kd3 Rd8+
40. Ke3 Raxd2 41. Nxd2 Qxc3+ 0-1

[Event "European Blitz 2017"]
[Site "Katowice POL"]
[Date "2017.12.15"]
[Round "6.94"]
[White "Sliwicki, Damian"]
[Black "Olszewski, Michal"]
[Result "0-1"]
[BlackTitle "GM"]
[WhiteElo "2148"]
[BlackElo "2540"]
[WhiteFideId "1127128"]
[BlackFideId "1121251"]
[EventDate "2017.12.15"]
[EventType "blitz"]

1. e4 c5 2. Nf3 d6 3. d4 cxd4 4. Qxd4 a6 5. c4 Nc6 6. Qe3 g6 7. Nc3 Bh6 8. Qd3
Bg7 9. Be2 Bg4 10. O-O Nf6 11. h3 Bxf3 12. Qxf3 O-O 13. Bg5 Rc8 14. Rad1 Ne5 15.
Qe3 Ned7 16. b3 Re8 17. f4 Qa5 18. Kh1 b5 19. e5 bxc4 20. Bxc4 dxe5 21. Bxf6
exf4 22. Rxf4 Nxf6 23. Ne4 Qxa2 24. Nxf6+ Bxf6 25. Qa7 Qb2 26. Rdf1 Rf8 27. Qxa6
Ra8 28. Qb7 Ra1 29. Rxa1 Qxa1+ 30. Rf1 Qc3 31. Qd5 Kg7 32. Rf3 Qa1+ 33. Rf1 Qc3
34. Rf3 Qe1+ 35. Rf1 Qg3 36. Rf3 Qe1+ 37. Rf1 Qg3 38. Rf3 Qc7 39. Rf1 e6 40. Qf3
Qe5 41. Qf2 Rd8 42. Re1 Qc3 43. Rf1 Rd2 44. Qf3 Qxf3 45. Rxf3 Rd1+ 46. Rf1 Rd2
47. Rb1 Bd4 48. b4 Bb6 49. b5 Kf6 50. Rf1+ Ke7 51. Ra1 Kd6 52. Bf1 f5 53. Rc1
Bc5 54. Ra1 Bb6 55. Rc1 Bc5 56. Ra1 Bb6 57. Rc1 Ke5 58. Rc6 Bd4 59. Rc1 Kf4 60.
Kh2 e5 61. h4 Rb2 62. Rc7 Rb1 63. Bc4 Bg1+ 64. Kh3 Bf2 65. Bg8 Rh1# 0-1

[Event "European Blitz 2017"]
[Site "Katowice POL"]
[Date "2017.12.15"]
[Round "6.95"]
[White "Pereira, Antonio Pedro Caramez"]
[Black "Tregubov, Pavel V."]
[Result "0-1"]
[BlackTitle "GM"]
[WhiteElo "2113"]
[BlackElo "2575"]
[WhiteFideId "1904485"]
[BlackFideId "4115341"]
[EventDate "2017.12.15"]
[EventType "blitz"]

1. Nf3 d5 2. c4 d4 3. b4 Bg4 4. d3 Bxf3 5. exf3 e5 6. b5 Nf6 7. Be2 Bb4+ 8. Bd2
Bxd2+ 9. Nxd2 O-O 10. O-O Nbd7 11. Ne4 Ne8 12. a4 f5 13. Nd2 Nef6 14. Nb3 Qe7
15. Na5 Nc5 16. Re1 Qd6 17. Bf1 Rae8 18. Nb3 h6 19. Nxc5 Qxc5 20. Qc1 e4 21.
fxe4 fxe4 22. dxe4 Nxe4 23. Ra2 Nc3 24. Rd2 Nxa4 25. Bd3 Nc3 26. h3 a5 27. bxa6
bxa6 28. Rb2 a5 29. Rc2 a4 30. Rxe8 Rxe8 31. Qf4 Re1+ 32. Kh2 Qe5 33. Qxe5 Rxe5
34. Rc1 a3 35. Ra1 a2 36. Kg3 Ra5 37. Kf3 Ra3 38. c5 Kf8 39. Kf4 Rb3 40. Ke5 Rb1
41. Bxb1 axb1=Q 42. Rxb1 Nxb1 43. Kxd4 Ke7 44. Kd5 Kd7 45. c6+ Ke7 46. f4 Nc3+
47. Ke5 Na2 48. Kd5 Nb4+ 49. Kc5 Nd3+ 50. Kd4 0-1

[Event "European Blitz 2017"]
[Site "Katowice POL"]
[Date "2017.12.15"]
[Round "6.96"]
[White "Pein, Jonathan"]
[Black "Pena Gomez, Manuel"]
[Result "1-0"]
[BlackTitle "IM"]
[WhiteElo "2165"]
[BlackElo "2491"]
[WhiteFideId "417092"]
[BlackFideId "2252813"]
[EventDate "2017.12.15"]
[EventType "blitz"]

1. e4 c5 2. Ne2 Nc6 3. g3 g6 4. Bg2 Bg7 5. c3 e5 6. O-O Nge7 7. a3 O-O 8. b4 b6
9. d3 d6 10. Bb2 a5 11. b5 Nb8 12. a4 Ra7 13. Nd2 f5 14. Qb3+ Kh8 15. Nf3 Qe8
16. Rad1 Nd7 17. exf5 Nxf5 18. Ng5 Nf6 19. d4 h6 20. dxe5 dxe5 21. Ne4 Be6 22.
Qc2 Nxe4 23. Qxe4 Qf7 24. Qc6 Rb8 25. Nc1 Rc7 26. Qe4 Bc4 27. Rfe1 Rf8 28. Nd3
Bxd3 29. Qxd3 Qb3 30. Bc1 Qxa4 31. h4 h5 32. Bg5 Qb3 33. Bd5 c4 34. Qe2 Qxb5 35.
Be4 Qc5 36. Bxf5 Rxf5 37. Rd8+ Kh7 38. Be3 Qe7 39. Rd5 Rc6 40. Bg5 Qf7 41. Qe4
Rxf2 42. Rd7 Qf5 43. Qxc6 Rc2 44. Rxg7+ Kxg7 45. Qc7+ Kg8 46. Qd8+ Kg7 47. Qe7+
Kg8 48. Qe8+ Qf8 49. Qxg6+ Qg7 50. Qxc2 Qc7 51. Qe2 Qc5+ 52. Be3 Qe7 53. Bxb6
Qf6 54. Bf2 e4 55. Qxc4+ Kf8 56. Qxe4 Qxc3 57. Qe7+ Kg8 58. Qe8+ Kh7 59. Re7+
Kh6 60. Qf8+ Kg6 61. Qf7+ Kh6 62. Qh7# 1-0

[Event "European Blitz 2017"]
[Site "Katowice POL"]
[Date "2017.12.15"]
[Round "6.98"]
[White "Polzin, Rainer"]
[Black "Kubica, Kamil"]
[Result "1-0"]
[WhiteTitle "GM"]
[WhiteElo "2404"]
[BlackElo "2166"]
[WhiteFideId "4610741"]
[BlackFideId "1146360"]
[EventDate "2017.12.15"]
[EventType "blitz"]

1. e4 e5 2. Nf3 Nc6 3. Bb5 a6 4. Ba4 Nf6 5. O-O Nxe4 6. d4 b5 7. Bb3 d5 8. dxe5
Be6 9. Qe2 Na5 10. Rd1 c6 11. c3 Nxb3 12. axb3 Be7 13. Nbd2 Ng5 14. Nd4 Qc7 15.
f4 c5 16. Nxb5 Qb7 17. Nd6+ Bxd6 18. exd6 Ne4 19. Nxe4 dxe4 20. Be3 O-O 21. Bxc5
Bxb3 22. Rd4 Rfc8 23. Ba3 Bd5 24. Rad1 Qb6 25. Kh1 Bb7 26. d7 Rd8 27. Be7 Qc7
28. Qe3 Bc6 29. Bxd8 Rxd8 30. f5 Qb7 31. b4 f6 32. Rd6 Rxd7 33. Rxd7 Bxd7 34.
Qc5 h6 35. Qd5+ Qxd5 36. Rxd5 Bb5 37. Kg1 Bc4 38. Rc5 Bd3 39. Kf2 Kf7 40. c4 g6
41. fxg6+ Kxg6 42. b5 axb5 43. cxb5 f5 44. b6 Ba6 45. g3 h5 46. Rc7 h4 47. b7
hxg3+ 48. hxg3 f4 49. gxf4 1-0

[Event "European Blitz 2017"]
[Site "Katowice POL"]
[Date "2017.12.15"]
[Round "6.99"]
[White "Jakubowski, Krzysztof"]
[Black "Stachanczyk, Jacek"]
[Result "1-0"]
[WhiteTitle "GM"]
[BlackTitle "IM"]
[WhiteElo "2526"]
[BlackElo "2209"]
[WhiteFideId "1112848"]
[BlackFideId "1116657"]
[EventDate "2017.12.15"]
[EventType "blitz"]

1. d4 d5 2. Nf3 Nf6 3. Bf4 c5 4. dxc5 Nc6 5. c3 a5 6. Ne5 Qc7 7. Nxf7 Qxf4 8. e3
Qc7 9. Nxh8 e5 10. Nd2 Bxc5 11. Bb5 Be6 12. O-O Kf8 13. Nf3 Kg8 14. Ng5 Bg4 15.
Be2 Bxe2 16. Qxe2 Kxh8 17. Ne6 Qe7 18. Nxc5 Qxc5 19. Rad1 e4 20. f4 Ne7 21. Rfe1
Nf5 22. h3 g6 23. Qf2 Kg7 24. g4 Nd6 25. Rd2 Nc4 26. Rde2 Qd6 27. Qh4 Nd7 28.
Rf1 Rf8 29. b3 Ncb6 30. Ref2 Nc5 31. f5 Nd3 32. fxg6 Rxf2 33. Qxh7+ Kf8 34.
Rxf2+ Nxf2 35. Qf7# 1-0

[Event "European Blitz 2017"]
[Site "Katowice POL"]
[Date "2017.12.15"]
[Round "6.100"]
[White "Maslak, Alexander"]
[Black "Sieciechowicz, Marcin"]
[Result "1-0"]
[BlackTitle "IM"]
[WhiteElo "2154"]
[BlackElo "2387"]
[WhiteFideId "4130871"]
[BlackFideId "1130170"]
[EventDate "2017.12.15"]
[EventType "blitz"]

1. e4 e6 2. d4 d5 3. Nc3 Bb4 4. e5 c5 5. Bd2 Nh6 6. a3 Bxc3 7. bxc3 Nc6 8. Nf3
Nf5 9. Bd3 Nh4 10. Nxh4 Qxh4 11. g3 Qe7 12. Be3 c4 13. Be2 Bd7 14. O-O f6 15. f4
O-O-O 16. Qd2 Rdf8 17. a4 Be8 18. exf6 gxf6 19. f5 h5 20. fxe6 Qxe6 21. Rae1 Bg6
22. Bf3 Qd7 23. Bf4 h4 24. g4 h3 25. Bg3 Rhg8 26. Qf4 Be4 27. Bxe4 dxe4 28. Rxe4
Re8 29. Rxe8+ Rxe8 30. Qxf6 Qxg4 31. Qf5+ Qxf5 32. Rxf5 Re2 33. Rf2 Re3 34. d5
Ne7 35. d6 Nd5 36. Rf8+ Kd7 37. Rf7+ Ke6 38. d7 1-0

[Event "European Blitz 2017"]
[Site "Katowice POL"]
[Date "2017.12.15"]
[Round "7.1"]
[White "Gajewski, Grzegorz"]
[Black "Navara, David"]
[Result "0-1"]
[WhiteTitle "GM"]
[BlackTitle "GM"]
[WhiteElo "2601"]
[BlackElo "2740"]
[WhiteFideId "1116207"]
[BlackFideId "309095"]
[EventDate "2017.12.15"]
[EventType "blitz"]

1. c4 e5 2. Nc3 Nf6 3. Nf3 Nc6 4. g3 Bc5 5. Bg2 d6 6. O-O O-O 7. d3 a6 8. Bg5 h6
9. Bh4 Nd4 10. Nxd4 exd4 11. Bxf6 Qxf6 12. Ne4 Qe7 13. Nd2 a5 14. Re1 c6 15. a3
a4 16. Nf3 Bg4 17. Qd2 Rfe8 18. Qf4 Qd7 19. h3 Bxh3 20. Bxh3 Qxh3 21. Nxd4 Re5
22. e3 Rae8 23. Nc2 Rh5 24. Qf3 Re6 25. Qg2 Qf5 26. g4 Qxd3 27. gxh5 Qxc2 28.
Qg4 Re5 29. Kf1 Rg5 30. Qc8+ Kh7 31. Rac1 Qd3+ 32. Re2 Rxh5 33. Rc2 Qd1+ 34. Kg2
Qh1+ 0-1

[Event "European Blitz 2017"]
[Site "Katowice POL"]
[Date "2017.12.15"]
[Round "7.3"]
[White "Rausis, Igors"]
[Black "McShane, Luke J"]
[Result "1/2-1/2"]
[WhiteTitle "GM"]
[BlackTitle "GM"]
[WhiteElo "2632"]
[BlackElo "2640"]
[WhiteFideId "11600098"]
[BlackFideId "404853"]
[EventDate "2017.12.15"]
[EventType "blitz"]

1. e4 e5 2. Nf3 Nc6 3. Bb5 Nf6 4. O-O Bc5 5. c3 Bb6 6. d4 O-O 7. Re1 d6 8. Na3
Bg4 9. Bxc6 bxc6 10. dxe5 Nd7 11. Nc4 dxe5 12. h3 Bh5 13. a4 f6 14. b4 Bf7 15.
Nfd2 a6 16. Qe2 Re8 17. Nb3 Nf8 18. Nba5 Qd7 19. Be3 Rab8 20. Rad1 Qe6 21. Rd2
Ng6 22. Red1 Nf4 23. Qg4 Bxa5 24. Nxa5 Rbc8 25. Qxe6 Rxe6 26. Nb7 g5 27. Nc5
Ree8 28. Nxa6 Ne6 29. Nc5 Nxc5 30. Bxc5 Bb3 31. Ra1 Red8 32. Rxd8+ Rxd8 33. a5
Kf7 34. a6 Ra8 35. a7 Ke6 36. f3 Kd7 37. Kf2 Kc8 38. Ke3 Kb7 39. Rb1 Ba4 40. Rb2
Rd8 41. Rd2 Rxd2 42. Kxd2 Bb5 43. Ke3 Bf1 44. Kf2 Bd3 45. Ke3 Bf1 46. Kf2 Bd3
47. Kg3 f5 48. exf5 Bxf5 49. h4 gxh4+ 50. Kxh4 Bd3 51. Kg3 Ka8 52. Kf2 Kb7 53.
g4 Bc2 54. Ke3 Bd1 55. Kf2 Ka8 56. Kg3 Kb7 57. Kg2 Ka8 58. Bf2 Kb7 59. Be3 Ka8
60. Bc5 Kb7 61. Kg3 Ka8 62. Kf2 Kb7 63. Ke3 Ka8 64. Ke4 Kb7 65. Be7 Kxa7 66. Bf6
Kb6 67. Bxe5 Kb7 68. Kf4 Kc8 69. Kg3 Kd7 70. f4 h5 71. gxh5 Bxh5 72. f5 c5 73.
bxc5 c6 74. Kf4 Ke7 75. Kg5 Be8 76. Bd4 Bd7 77. Kf4 Be8 78. Ke5 Bf7 79. Be3 Bd5
80. Bg5+ Kf7 81. Kd6 Be4 82. f6 Bd5 83. Bh4 Be4 84. c4 Bf3 1/2-1/2

[Event "European Blitz 2017"]
[Site "Katowice POL"]
[Date "2017.12.15"]
[Round "7.5"]
[White "Buhmann, Rainer"]
[Black "Fedorov, Alexei"]
[Result "1/2-1/2"]
[WhiteTitle "GM"]
[BlackTitle "GM"]
[WhiteElo "2584"]
[BlackElo "2573"]
[WhiteFideId "4651340"]
[BlackFideId "13500465"]
[EventDate "2017.12.15"]
[EventType "blitz"]

1. d4 Nf6 2. c4 g6 3. Nc3 Bg7 4. e4 d6 5. Be2 O-O 6. Be3 c5 7. d5 e6 8. Nf3 exd5
9. cxd5 Bg4 10. Nd2 Bxe2 11. Qxe2 Re8 12. f3 Nbd7 13. a4 Qb6 14. Nc4 Qa6 15. Nb5
Ne5 16. Nbxd6 Nxc4 17. Nxc4 Nxd5 18. exd5 b5 19. Nd2 Bxb2 20. Rb1 Bd4 21. Ne4
Bxe3 22. Qxe3 f5 23. O-O fxe4 24. fxe4 Qxa4 25. e5 Qd4 26. Qxd4 cxd4 27. e6 a6
28. Rbd1 Rad8 29. Rxd4 b4 30. Re1 Rd6 31. Kf2 b3 32. Ke3 b2 33. Rb1 Rb8 34. Rd2
Rb5 35. Ke4 Kf8 36. Ke5 Ke7 37. Rbxb2 Rdxd5+ 38. Rxd5 Rxb2 39. Rd7+ Ke8 40. Rxh7
Rxg2 41. h4 a5 42. Kf6 Rf2+ 43. Kxg6 Re2 44. Kf5 Rf2+ 45. Kg5 Re2 46. Kf5 Rf2+
47. Ke5 Re2+ 48. Kd5 Rd2+ 49. Kc4 Re2 50. Kd5 Rd2+ 51. Ke4 Re2+ 52. Kf5 Rf2+ 53.
Kg5 Re2 54. Rh8+ Ke7 55. Ra8 Re5+ 56. Kf4 Rxe6 57. Rxa5 Kf6 58. Rg5 Re1 59. Kg4
Rg1+ 60. Kh5 Rxg5+ 61. hxg5+ Kg7 1/2-1/2

[Event "European Blitz 2017"]
[Site "Katowice POL"]
[Date "2017.12.15"]
[Round "7.6"]
[White "Stupak, Kirill"]
[Black "Georgiev, Kiril"]
[Result "1/2-1/2"]
[WhiteTitle "GM"]
[BlackTitle "GM"]
[WhiteElo "2588"]
[BlackElo "2623"]
[WhiteFideId "13503758"]
[BlackFideId "2900017"]
[EventDate "2017.12.15"]
[EventType "blitz"]

1. d4 Nf6 2. c4 e6 3. g3 d5 4. Bg2 Bb4+ 5. Nc3 O-O 6. cxd5 exd5 7. e3 Re8 8. Ne2
c6 9. O-O Bf5 10. f3 h6 11. Qb3 Qe7 12. e4 dxe4 13. fxe4 Be6 14. Qc2 Nbd7 15.
Nf4 Bc4 16. Re1 c5 17. Be3 cxd4 18. Bxd4 Bc5 19. Rad1 Ne5 20. Bxc5 Qxc5+ 21. Qf2
Qxf2+ 22. Kxf2 g5 23. Nfd5 Nxd5 24. Nxd5 Red8 25. Bf1 Bxa2 26. h3 Kg7 27. Re3
Rac8 28. Rc3 Rxc3 29. bxc3 b6 30. Ke3 Bxd5 31. exd5 Kf6 32. Bb5 Ke7 33. Kd4 f6
34. c4 Rc8 35. Ra1 a5 36. Rb1 Rc7 37. Ba6 Nd7 38. Bb5 Ne5 39. Ba6 Nd7 40. Bb5
Ne5 41. g4 Kd6 42. Ba6 Nf3+ 43. Ke3 Ne5 44. Rxb6+ Kc5 45. Rxf6 Re7 46. Kd2 Nxc4+
47. Bxc4 Kxc4 48. d6 Re5 49. Rxh6 a4 50. Kc2 Rd5 51. Kb2 Kb4 52. d7 Rxd7 53.
Rb6+ Kc4 54. Rg6 Rd5 55. Ka3 Kb5 56. Rg8 Rd3+ 57. Ka2 Rxh3 58. Rxg5+ Kb4 59. Rg8
Rh2+ 60. Kb1 Ka3 61. Rb8 Rh1+ 62. Kc2 Rg1 63. Rg8 Rg2+ 64. Kc1 Ka2 65. g5 a3 66.
g6 Rg1+ 67. Kc2 Rg2+ 68. Kc1 Ka1 69. g7 a2 70. Kd1 Rg3 71. Kc1 Rc3+ 72. Kd2 Rc7
73. Kd1 Rd7+ 74. Kc2 Rc7+ 75. Kd2 Rb7 76. Kc2 Rb2+ 77. Kc3 Kb1 78. Ra8 Rg2 79.
Rb8+ Kc1 80. Ra8 Rg3+ 81. Kd4 Kb1 82. Rb8+ Kc2 83. Rc8+ Kd2 84. Ra8 Rg4+ 85. Ke5
Rxg7 86. Rxa2+ 1/2-1/2

[Event "European Blitz 2017"]
[Site "Katowice POL"]
[Date "2017.12.15"]
[Round "7.7"]
[White "Fridman, Daniel"]
[Black "Ladva, Ottomar"]
[Result "1-0"]
[WhiteTitle "GM"]
[BlackTitle "GM"]
[WhiteElo "2633"]
[BlackElo "2522"]
[WhiteFideId "11600454"]
[BlackFideId "4500024"]
[EventDate "2017.12.15"]
[EventType "blitz"]

1. Nf3 d5 2. c4 e6 3. g3 dxc4 4. Qa4+ Nd7 5. Qxc4 a6 6. Qc2 b5 7. Bg2 Bb7 8. O-O
c5 9. a4 Ngf6 10. d3 Be7 11. Na3 Qb6 12. e4 O-O 13. b3 Ng4 14. Bb2 Bf6 15. h3
Bxb2 16. Qxb2 Ngf6 17. axb5 axb5 18. b4 cxb4 19. Qxb4 Nc5 20. Ne5 Rfd8 21. Qxb5
Qxb5 22. Nxb5 Rxa1 23. Rxa1 Ba6 24. d4 Bxb5 25. dxc5 Rc8 26. c6 Kf8 27. Ra7 Bxc6
28. Rxf7+ Kg8 29. f3 Ba4 30. Re7 Bb3 31. g4 Re8 32. Rb7 Ba2 33. Rb2 Ra8 34. Kf2
h6 35. Bf1 Ra7 36. Nc6 Rc7 37. Na5 Bd5 1-0